Fußball Quiz Deutschland Teil 2 - Statistiken

Allgemein
  • Dieses Quiz wurde 105 mal gespielt
  • Das Durchschnittsergebnis liegt bei 6 aus 10
Antwortstatistiken
Frage Antwort % Korrekt
Welche Stadt wird Austragungsort bei der EM 2024 sein? Düsseldorf
100%
Welcher Spieler war KEIN Teil der DFB 11 bei der WM 2022 in Katar? Florian Wirtz
75%
Welcher Spieler ist schonmal für Schalke 04 aufgelaufen? Pierre Emile Højbjerg
75%
Wie hieß einer der offiziellen Bälle der Bundesliga? Torfabrik
75%
Welcher Verein ist 6-facher DFB Pokalsieger? Werder Bremen
75%
Welche Mannschaft wurde bisher NICHT 3. Liga-Meister? RB Leipzig
63%
Für welchen Verein war Sascha Mölders NICHT aktiv? Viktoria Köln
50%
Welcher Grieche spielte NICHT für Eintracht Frankfurt? Angelos Charisteas
38%
Welcher Bundesligist konnte sich in der Relegation NICHT mehr retten? FC Schalke 04
38%
Welchen Verein trainierte Mario Basler als Cheftrainer? Eintracht Trier
25%
Keine übereinstimmenden Quizze gefunden
Verteilung der Resultate
Anzahl Personen mit jedem Resultat
Perzentil nach korrekt beantworteten Fragen
Ihre Resultats-Entwicklung
Sie haben dieses Quiz noch nicht gespielt